Places To Study
There are group study rooms, individual study carrels, computer labs, and other spaces to study in the Libraries.
Reserve A Group Room| 000 -LEADER | |
|---|---|
| fixed length control field | 00671nam a22001697a 4500 |
| 003 - CONTROL NUMBER IDENTIFIER | |
| control field | OSt |
| 005 - DATE AND TIME OF LATEST TRANSACTION | |
| control field | 20260114102915.0 |
| 008 - FIXED-LENGTH DATA ELEMENTS--GENERAL INFORMATION | |
| fixed length control field | 260114b |||||||| |||| 00| 0 eng d |
| 040 ## - CATALOGING SOURCE | |
| Transcribing agency | DCL |
| 082 ## - DEWEY DECIMAL CLASSIFICATION NUMBER | |
| Classification number | ၃၇၀.၇ |
| 100 ## - MAIN ENTRY--PERSONAL NAME | |
| Personal name | တင်မောင်ဝင်း |
| Titles and words associated with a name | ILBC |
| 245 10 - TITLE STATEMENT | |
| Title | လူတိုင်းအတွက် ပညာရေး |
| Statement of responsibility, etc. | ILBC ဦးတင်မောင်ဝင်း။ |
| 264 ## - PRODUCTION, PUBLICATION, DISTRIBUTION, MANUFACTURE, AND COPYRIGHT NOTICE | |
| Place of production, publication, distribution, manufacture | ရန်ကုန်၊ |
| Name of producer, publisher, distributor, manufacturer | နီလွင်စိုးစာပေတိုက် |
| Date of production, publication, distribution, manufacture, or copyright notice | ၂၀၁၆။ |
| 300 ## - PHYSICAL DESCRIPTION | |
| Extent | ၄၉၁ စာမျက်နှာ၊ |
| Dimensions | ၂၄x၁၈ စင်တီ။ |
| 650 ## - SUBJECT ADDED ENTRY--TOPICAL TERM | |
| Topical term or geographic name entry element | စာပေ၊ |
| 942 ## - ADDED ENTRY ELEMENTS (KOHA) | |
| Source of classification or shelving scheme | Dewey Decimal Classification |
| Koha item type | Books on Myanmar |
| Suppress in OPAC | No |
| Withdrawn status | Lost status | Source of classification or shelving scheme | Damaged status | Not for loan | Home library | Current library | Date acquired | Total checkouts | Full call number | Date last seen | Price effective from | Koha item type |
|---|---|---|---|---|---|---|---|---|---|---|---|---|
| Dewey Decimal Classification | Dhammadhara | Dhammadhara | 14/01/2026 | မ-၀၁၁၉၃ တင် | 14/01/2026 | 14/01/2026 | Books on Myanmar |